Designing and conducting mixed methods research
Uloženo v:
| Hlavní autor: | |
|---|---|
| Další autoři: | |
| Médium: | Kniha |
| Jazyk: | angličtina |
| Vydáno: |
Thousand Oaks, California, USA
Sage
2011
|
| Vydání: | Segunda edición |
| Témata: | |
| Tagy: |
Přidat tag
Žádné tagy, Buďte první, kdo vytvoří štítek k tomuto záznamu!
|
MARC
| LEADER | 00000cam a2200000 a 4500 | ||
|---|---|---|---|
| 001 | UCF9848 | ||
| 003 | CL-VaPUC | ||
| 005 | 20221102131314.0 | ||
| 008 | 131220e20110000us |||||||||||||||||eng|d | ||
| 999 | |c 354237 |d 354235 | ||
| 020 | |a 9781412975179 | ||
| 040 | |c Pontificia Universidad Católica de Valparaíso | ||
| 082 | 0 | 4 | |a 001.42 CRE 2011 |2 21 |
| 100 | 0 | |a Creswell, John W |9 572264 | |
| 245 | 1 | 0 | |a Designing and conducting mixed methods research |
| 250 | |a Segunda edición | ||
| 260 | 0 | 3 | |a Thousand Oaks, California, USA |b Sage |c 2011 |
| 300 | |a 457 páginas | ||
| 583 | |a last modification |c 20131220 10:31:00 |k Rodrigo Vera | ||
| 650 | 0 | |a Métodos de investigación |9 262618 | |
| 650 | 0 | |a Diseño experimental |9 259977 | |
| 650 | 0 | |a Gestión de la información |9 362327 | |
| 700 | 0 | |a Clark, Vicki L. Plano |9 572265 | |
| 942 | |c BK |2 ddc | ||
| 945 | |d 20131220 10:31:00 |a cmena | ||
| 952 | |0 0 |1 0 |2 ddc |3 erb |4 0 |6 001_420000000000000_CRE_2011 |7 0 |8 A |9 459970 |a BIBEDU |b BIBEDU |i 5035937 |l 1 |o 001.42 CRE 2011 |p 5035937 |r 2022-12-19 |s 2022-12-02 |t 2 |w 2019-11-23 |y BK |z Catalogado en:20131220 |k EPE | ||
| 952 | |0 0 |1 0 |2 ddc |3 erb |4 0 |6 001_420000000000000_CRE_2011 |7 0 |8 A |9 459971 |a BIBCUR |b BIBCUR |i 5076897 |o 001.42 CRE 2011 |p 5076897 |r 2025-04-22 |t 1 |w 2019-11-23 |y BK |z Catalogado en:20140502 |k BIO | ||
| 952 | |0 0 |1 0 |2 ddc |3 erb |4 0 |6 001_420000000000000_CRE_2011 |7 0 |8 A |9 459972 |a FDOPOS |b FDOPOS |i 511134K |o 001.42 CRE 2011 |p 511134K |r 2025-01-22 |t 3 |w 2019-11-23 |y BK |z Catalogado en:20140905 |k LIT | ||